000 00961cab a22002175a 4500
001 L144421
008 080717s2008 xxk f 000 0 eng d
035 _a(Sirsi) u144421
041 0 _aeng
100 1 _aLovejoy, Jonathan
245 0 0 _aOpportunity, not threat
260 _c2008
490 0 _aFacilities Management
_v15(10) July 2008, 11(1)
520 _aExplains that occupiers should approach Energy Performance Certificates (EPCs) as an opportunity to enhance property values, not as a threat. Covers: environmental realities; the impact of EPC rating; responding to client sentiment and the attraction of efficient buildings.
590 _aKA
650 2 4 _aCOMMERCIAL ENERGY PERFORMANCE CERTIFICATES
650 2 4 _aENERGY PERFORMANCE OF BUILDINGS (CERTIFICATES AND INSPECTIONS) (ENGLAND AND WALES) REGULATIONS 2007
651 4 _aUnited Kingdom
_y
690 _aENVIRONMENTAL AND LAND CONSULTANCY-ENERGY-ENERGY USE-ENERGY EFFICIENCY
942 _n0
999 _c80462
_d80462